000 00663nam a2200205Ii 4500
003 JO-AjNU
008 230605s9999||||xx |||||||||||||| ||und||
040 _aJO-AjNU
_bara
_erda
_cJO-AjNU
041 _aara
050 1 4 _aBP173.4.G4292 1978
100 3 _aالالباني، وهبي سليمان غاوجي,
_eauthor
_937778
245 0 0 _aالمرأة المسلمة
250 _aط1
264 3 1 _aبيروت-دمشق: مؤسسة الرسالة ، دار القلم، 1978
300 _a264ص
336 _atext
_btxt
_2rdacontent
337 _aunmediated
_bn
_2rdamedia
338 _avolume
_bnc
_2rdacarrier
650 4 _aالمرأة المسلمة
_937779
999 _aA15816
_c19384
_d19384